TR. (Record no. 1815)

MARC details
000 -LEADER
fixed length control field 01634cas a2200457 a 4500
001 - CONTROL NUMBER
control field data
008 - FIXED-LENGTH DATA ELEMENTS--GENERAL INFORMATION
fixed length control field data
005 - DATE AND TIME OF LATEST TRANSACTION
control field 20260322212119.0
010 ## - LIBRARY OF CONGRESS CONTROL NUMBER
LC control number 98641445
Canceled/invalid LC control number sn 94004584
022 0# - INTERNATIONAL STANDARD SERIAL NUMBER
International Standard Serial Number 1075-4946
Source 1
023 0# - CLUSTER ISSN
Cluster ISSN 1075-4946
Source 1
029 1# - OTHER SYSTEM CONTROL NUMBER (OCLC)
OCLC library identifier AU@
System control number 000025626804
035 ## - SYSTEM CONTROL NUMBER
System control number (OCoLC)30061758
037 ## - SOURCE OF ACQUISITION
Source of stock number/acquisition International Computer Science Institute, 1947 Center St., Ste. 600, Berkeley, CA 94704-1105
040 ## - CATALOGING SOURCE
Original cataloging agency NSD
Language of cataloging eng
Transcribing agency NSD
Modifying agency OCLCQ
-- HLS
-- OCLCQ
-- OCLCF
-- OCLCO
-- OCLCQ
-- OCLCL
-- OCLCQ
042 ## - AUTHENTICATION CODE
Authentication code pcc
-- pcc
050 00 - LIBRARY OF CONGRESS CALL NUMBER
Classification number QA75.5
Item number .T637
082 00 - DEWEY DECIMAL CLASSIFICATION NUMBER
Classification number 004
Edition information 21
Real World Object URI https://id.oclc.org/worldcat/ddc/E3crFxr84MQkDt9mHBYTvbkPCB
130 0# - MAIN ENTRY--UNIFORM TITLE
Uniform title TR (International Computer Science Institute)
210 0# - ABBREVIATED TITLE
Abbreviated title TR - Int. Comput. Sci. Inst.
222 #0 - KEY TITLE
Key title TR - International Computer Science Institute
245 10 - TITLE STATEMENT
Title TR.
246 10 - VARYING FORM OF TITLE
Title proper/short title Technical report
260 ## - PUBLICATION, DISTRIBUTION, ETC.
Place of publication, distribution, etc. Berkeley, Calif. :
Name of publisher, distributor, etc. International Computer Science Institute,
Date of publication, distribution, etc. 1987-
300 ## - PHYSICAL DESCRIPTION
Extent volumes ;
Dimensions 28 cm
310 ## - CURRENT PUBLICATION FREQUENCY
Current publication frequency Irregular
336 ## - CONTENT TYPE
Content type term text
Content type code txt
Source rdacontent
337 ## - MEDIA TYPE
Media type term unmediated
Media type code n
Source rdamedia
338 ## - CARRIER TYPE
Carrier type term volume
Carrier type code nc
Source rdacarrier
362 0# - DATES OF PUBLICATION AND/OR SEQUENTIAL DESIGNATION
Dates of publication and/or sequential designation 87-001-
590 ## - LOCAL NOTE (RLIN)
Local note SERBIB/SERLOC merged record
650 #0 - SUBJECT ADDED ENTRY--TOPICAL TERM
Topical term or geographic name entry element Computer science.
650 #7 - SUBJECT ADDED ENTRY--TOPICAL TERM
Topical term or geographic name entry element Computer science.
Source of heading or term fast
Authority record control number or standard number (OCoLC)fst00872451
710 2# - ADDED ENTRY--CORPORATE NAME
Corporate name or jurisdiction name as entry element International Computer Science Institute.
Real World Object URI https://id.oclc.org/worldcat/entity/E39QQPVp7YfKgqGQQ9XvWJk6Wt
890 ## -
-- TR (International Computer Science Institute)
-- 98-641445
906 ## - LOCAL DATA ELEMENT F, LDF (RLIN)
a 7
b cbc
c serials
d u
e ncip
f 19
g n-oclcserc
920 ## -
-- Keep 1
991 ## -
-- c-GenColl
-- QA75.5
-- .T637
-- SERIALS
992 ## -
-- SER
-- SERLOC
Holdings
Withdrawn status Lost status Damaged status Not for loan Home library Current library Shelving location Date acquired Total checkouts Full call number Barcode Date last seen Price effective from Koha item type
        Franklin Franklin General stacks 22/03/2026   004 LOC-FRL-00051 22/03/2026 22/03/2026 Books